000 00535nam a2200181 4500
001 144958
003 ES-MaACL
005 20250908215441.0
007 t|
008 070214s1971 sp r ||||1| spa d
100 1 _aSmith, Javier.
_9106894
245 1 0 _aMalas noticias /
_cJavier Smith ; prólogo de Alfonso Grosso.
260 _aMadrid :
_bHelios,
_c1971 (
_fFareso)
300 _a288 p. ;
_c20 cm.
700 1 _aGrosso, Alfonso,
_d1928-1995
_960189
852 _aES-MaACL
_jC-49504
_bR.78243
999 _c144958
_d144958